Statistics for European Geography By Letter - X

Click here to take the quiz!

General Stats

  • This quiz has been taken 57 times
  • The average score is 3 of 16

Answer Stats

ClueAnswer% Correct
Chemical element discovered by two British chemistsXenon
69%
Instrument that arrived to Europe possibly as early as in the 13th centuryXylophone
56%
Greek city, nicknamed the city of the thousand coloursXanthi
42%
Andalusian football club that played in La Liga in 2009, currently in Tercera DivisionXerez CD
31%
City in western GermanyXanten
23%
Coastal town in Alicante province, popular seaside resort and market townXàbia
15%
Albanian adaptation of the name JamalXhemal
13%
Champagne regions name in CatalanXampanya
10%
Culturally active Valencian municipality wih Arabic-era urbanismXirivella
10%
Town in Malta, popular tourist attraction thanks to its caves and historical heritageXagħra
8%
Spanish town in Valencia, birthplace of two popesXàtiva
8%
Municipality in Galicia that hosts a popular carnival{Xinzo} de Limia
8%
Four-letter municipality in Lugo province, SpainXove
8%
Name of the group whose members are descendants of Mallorcan JewsXueta
8%
Greek seaside village, name literally translates to "wooden castle"Xylokastro
8%
Historic sailing ship that was used exclusively in the Mediterranean SeaXebec
6%

Score Distribution

Percentile by Number Answered

Percent of People with Each Score

Your Score History

You have not taken this quiz